000
00228 a2200097 4500
001
125512
040
_c
Escola Canadense de Niteroi
100
_a
Condemarin, Mabel
245
1
0
_a
Dislexia - Manual De Leitura Corretiva
942
_c
BK
999
_c
125512
_d
125512